[Event "BCF-chT2c 0809 (4NCL) Promotion pool"]
[Site "Hinckley Island"]
[Date "2009.05.03"]
[Round "11.7"]
[White "Forbes, Cathy"]
[Black "Tidman, Sophie E"]
[Result "0-1"]
[WhiteElo "2119"]
[BlackElo "2093"]
[PlyCount "68"]
[EventDate "2008.10.04"]
[EventType "team-tourn"]
[EventRounds "4"]
[EventCountry "ENG"]
[SourceTitle "EXT 2010"]
[Source "ChessBase"]
[SourceDate "2010.11.25"]
[SourceVersion "1"]
[SourceVersionDate "2010.11.25"]
[SourceQuality "1"]
[WhiteTeam "Kings Head"]
[BlackTeam "Oxford"]
[WhiteTeamCountry "ENG"]
[BlackTeamCountry "ENG"]

1. d4 e6 2. c3 Nf6 3. Bg5 Be7 4. Nd2 b6 5. e4 Bb7 6. Bd3 c5 7. Ngf3 d6 8. 0-0 h6 9. Bh4 Nbd7 10. a4 a6 11. Qe2 0-0 12. h3 Nh5 13. Bxe7 Qxe7 14. g3 e5 15. d5 f5 16. Nh4 Nf4 17. Qf3 fxe4 18. Qxe4 Nf6 19. Ng6 Qe8 20. Qf5 Bc8 21. Nxf8 Bxf5 22. Bxf5 Qh5 23. Be6+ Nxe6 24. Nxe6 Nxd5 25. c4 Nb4 26. a5 Qxh3 27. Nc7 Rb8 28. Ne4 Nc2 29. Ra2 Nd4 30. f3 bxa5 31. Nd5 Ne2+ 32. Kf2 Qh2+ 33. Ke3 Rb3+ 34. Nec3 Nxc3 0-1

[Event "BCF-chT2b 0809 (4NCL)"]
[Site "Hinckley Island"]
[Date "2008.10.05"]
[Round "2.6"]
[White "Forbes, Cathy"]
[Black "Shepley, Julien M"]
[Result "1-0"]
[WhiteElo "2098"]
[BlackElo "2115"]
[PlyCount "131"]
[EventDate "2008.10.04"]
[EventType "team-tourn"]
[EventRounds "7"]
[EventCountry "ENG"]
[SourceTitle "EXT 2010"]
[Source "ChessBase"]
[SourceDate "2010.11.25"]
[SourceVersion "1"]
[SourceVersionDate "2010.11.25"]
[SourceQuality "1"]
[WhiteTeam "Kings Head"]
[BlackTeam "Guildford III"]
[WhiteTeamCountry "ENG"]
[BlackTeamCountry "ENG"]

1. d4 d5 2. c3 c5 3. Bf4 Nc6 4. e3 e6 5. Nd2 Qb6 6. Qb3 Nf6 7. h3 Be7 8. Ngf3 c4 9. Qxb6 axb6 10. a3 b5 11. Rc1 0-0 12. g4 Nd7 13. Bc7 Bd8 14. Bxd8 Rxd8 15. Be2 Re8 16. 0-0 Nb6 17. Bd1 f6 18. Bc2 Nd8 19. Rfe1 Bd7 20. Kh2 Nf7 21. Kg3 Bc6 22. h4 g6 23. g5 Kg7 24. Rh1 h5 25. gxf6+ Kxf6 26. Rhg1 Rg8 27. Ne5 Nxe5 28. dxe5+ Kxe5 29. f4+ Kf6 30. Nf3 Na4 31. Bxa4 bxa4 32. Kf2 Ra6 33. Rc2 Rb6 34. Ke1 Rg7 35. Rg5 Be8 36. Rd2 Bc6 37. Ne5 Be8 38. Kd1 Rb5 39. Kc1 Bc6 40. Rdg2 Be8 41. R2g3 Rb3 42. Nf3 Rb6 43. Nd4 Re7 44. Nf3 Rb3 45. Nd2 Rb5 46. e4 dxe4 47. Nxe4+ Kg7 48. Nd6 Rxg5 49. Rxg5 b5 50. f5 exf5 51. Nxf5+ Kf6 52. Nxe7 Kxe7 53. Re5+ Kf7 54. Kd2 Bd7 55. Ke3 Kf6 56. Kf4 Bc6 57. Rc5 Bd7 58. Rc7 Be8 59. Rb7 Ke6 60. Kg5 Kd6 61. Rb8 Ke7 62. Rxe8+ Kxe8 63. Kxg6 Ke7 64. Kxh5 Kf6 65. Kg4 Kg6 66. Kf4 1-0

[Event "BCF-chT2 0708 (4NCL)"]
[Site "Sunningdale"]
[Date "2008.05.04"]
[Round "10.7"]
[White "Forbes, Cathy"]
[Black "Smallbone, Kieran"]
[Result "1/2-1/2"]
[WhiteElo "2093"]
[BlackElo "2241"]
[PlyCount "94"]
[EventDate "2007.09.15"]
[EventType "team-tourn"]
[EventRounds "11"]
[EventCountry "ENG"]
[SourceTitle "EXT 2023"]
[Source "ChessBase"]
[SourceDate "2022.10.05"]
[SourceVersion "1"]
[SourceVersionDate "2022.10.05"]
[SourceQuality "1"]
[WhiteTeam "Pride and Prejudice"]
[BlackTeam "Oxford"]
[WhiteTeamCountry "ENG"]
[BlackTeamCountry "ENG"]

1. d4 d5 2. c3 c5 3. Nf3 Nf6 4. Bf4 Qb6 5. Qb3 Nc6 6. Nbd2 cxd4 7. Qxb6 axb6 8. Nxd4 Nxd4 9. cxd4 b5 10. e3 Bd7 11. Bd3 Kd8 12. h3 Ne8 13. Ke2 e6 14. Rhc1 Nd6 15. b3 b4 16. Kd1 Be7 17. Kc2 g5 18. Be5 f6 19. Bg3 Bb5 20. Bxd6 Bxd3+ 21. Kxd3 Bxd6 22. Rc2 Kd7 23. Rac1 Ra6 24. Rb2 h5 25. f3 Rc6 26. Rbc2 Ra8 27. Rxc6 bxc6 28. Rc2 Ra5 29. e4 f5 30. Nf1 Ra8 31. exd5 cxd5 32. Ne3 h4 33. Nd1 Be7 34. Ne3 Bd6 35. Nd1 Be7 36. Ne3 Ra6 37. Nd1 Rc6 38. Rxc6 Kxc6 39. Ne3 Kd7 40. Kc2 Kc6 41. Kd3 Bd6 42. Nc2 Kb5 43. Ne3 Bf4 44. Nc2 Bd6 45. Ke2 Be7 46. Ne1 Bf6 47. Nc2 Be7 1/2-1/2

[Event "BCF-chT2 0708 (4NCL)"]
[Site "Sunningdale"]
[Date "2007.09.16"]
[Round "2"]
[White "Forbes, Cathy"]
[Black "O'Toole, George E"]
[Result "1-0"]
[WhiteElo "2090"]
[BlackElo "1974"]
[PlyCount "73"]
[EventDate "2007.09.15"]
[EventType "team-tourn"]
[EventRounds "11"]
[EventCountry "ENG"]
[SourceTitle "CBM 120 Extra"]
[Source "ChessBase"]
[SourceDate "2007.11.01"]
[SourceVersion "1"]
[SourceVersionDate "2007.11.01"]
[SourceQuality "1"]
[WhiteTeam "Pride and Prejudice"]
[BlackTeam "Barbican"]
[WhiteTeamCountry "ENG"]
[BlackTeamCountry "ENG"]

1. d4 Nf6 2. Bf4 d5 3. c3 c5 4. Bxb8 Rxb8 5. e3 e6 6. Nf3 Bd6 7. a4 a6 8. Nbd2 cxd4 9. exd4 0-0 10. Bd3 Bd7 11. Ne5 Be8 12. 0-0 b5 13. axb5 Bxb5 14. Bxb5 Rxb5 15. Nd3 Ra5 16. Qe2 Rxa1 17. Rxa1 Qb6 18. h3 Nd7 19. b4 Ra8 20. Nc5 Nb8 21. Ndb3 Ra7 22. Ra4 Bxc5 23. dxc5 Qc7 24. Qa2 Qe5 25. Qa1 Rc7 26. Nd4 h6 27. Ra2 Qe4 28. Re2 Qd3 29. Re3 Qc4 30. Qa5 Rc8 31. Qb6 e5 32. Nf5 d4 33. Rg3 Nc6 34. cxd4 Qd5 35. Qb7 Re8 36. Nxg7 Re7 37. Nf5+ 1-0

[Event "BCF-chT2 0708 (4NCL)"]
[Site "Sunningdale"]
[Date "2007.09.15"]
[Round "1"]
[White "Walker, Martin Graham"]
[Black "Forbes, Cathy"]
[Result "1-0"]
[WhiteElo "2262"]
[BlackElo "2090"]
[PlyCount "71"]
[EventDate "2007.09.15"]
[EventType "team-tourn"]
[EventRounds "11"]
[EventCountry "ENG"]
[SourceTitle "CBM 120 Extra"]
[Source "ChessBase"]
[SourceDate "2007.11.01"]
[SourceVersion "1"]
[SourceVersionDate "2007.11.01"]
[SourceQuality "1"]
[WhiteTeam "Bristol"]
[BlackTeam "Pride and Prejudice"]
[WhiteTeamCountry "ENG"]
[BlackTeamCountry "ENG"]

1. e4 c5 2. Nf3 e6 3. c3 d5 4. e5 Nc6 5. d4 Qb6 6. Be2 h5 7. 0-0 Nh6 8. Na3 cxd4 9. cxd4 Bxa3 10. bxa3 Nf5 11. Be3 0-0 12. Rb1 Qa5 13. Qd3 Rb8 14. h3 Bd7 15. g4 Nxe3 16. fxe3 Qd8 17. h4 f6 18. exf6 Qxf6 19. Ng5 Qh6 20. gxh5 Rxf1+ 21. Rxf1 Be8 22. Bg4 Nd8 23. e4 b5 24. exd5 exd5 25. Qf5 g6 26. Qxd5+ Nf7 27. Nxf7 Bxf7 28. Qxf7+ Kh8 29. Qf6+ Qg7 30. hxg6 Qxf6 31. Rxf6 Kg7 32. Rd6 a5 33. h5 b4 34. axb4 Rxb4 35. Rd7+ Kh6 36. g7 1-0

[Event "BCF-chT3 0607 (4NCL)"]
[Site "Sunningdale"]
[Date "2006.11.12"]
[Round "4.5"]
[White "Forbes, Cathy"]
[Black "Acey, Gerald"]
[Result "1/2-1/2"]
[WhiteElo "2076"]
[BlackElo "2155"]
[PlyCount "79"]
[EventDate "2006.09.16"]
[EventType "team"]
[EventRounds "11"]
[EventCountry "ENG"]
[SourceTitle "EXT 2008"]
[Source "ChessBase"]
[SourceDate "2007.11.25"]
[SourceVersion "1"]
[SourceVersionDate "2007.11.25"]
[SourceQuality "1"]
[WhiteTeam "Pride and Prejudice "]
[BlackTeam "Cheddleton"]
[WhiteTeamCountry "ENG"]
[BlackTeamCountry "ENG"]

1. d4 Nf6 2. Bf4 d6 3. Nd2 g6 4. e4 Bg7 5. Bc4 0-0 6. Ngf3 c6 7. c3 Nbd7 8. h3 b5 9. Be2 Bb7 10. a4 a6 11. 0-0 Qc7 12. e5 dxe5 13. Nxe5 Nd5 14. Nxd7 Qxd7 15. Bh2 c5 16. dxc5 Qc6 17. Bf3 Qxc5 18. Nb3 Qb6 19. axb5 axb5 20. Rxa8 Bxa8 21. Bxd5 Rd8 22. Bxf7+ Kxf7 23. Qg4 Qc6 24. Re1 Bf6 25. f3 Qd5 26. Qb4 Rc8 27. Na5 Qd2 28. Qb3+ Bd5 29. Qd1 Qxd1 30. Rxd1 e6 31. Bd6 Bd8 32. Ra1 Bb6+ 33. Kh1 g5 34. Be5 h5 35. b4 Kg6 36. Kh2 Ra8 37. Nb3 Rxa1 38. Nxa1 Kf5 39. Bg3 h4 40. Be1 1/2-1/2

[Event "BCF-chT3 0607 (4NCL)"]
[Site "Sunningdale"]
[Date "2006.09.16"]
[Round "1.4"]
[White "Forbes, Cathy"]
[Black "Grigoryan, Meri"]
[Result "1/2-1/2"]
[WhiteElo "2076"]
[BlackElo "2067"]
[PlyCount "59"]
[EventDate "2006.09.16"]
[EventType "team"]
[EventRounds "11"]
[EventCountry "ENG"]
[SourceTitle "CBM 115 Extra"]
[Source "ChessBase"]
[SourceDate "2007.01.10"]
[SourceVersion "1"]
[SourceVersionDate "2007.01.10"]
[SourceQuality "1"]
[WhiteTeam "Pride and Prejudice "]
[BlackTeam "NW Eagles II"]
[WhiteTeamCountry "ENG"]
[BlackTeamCountry "ENG"]

1. d4 d5 2. Bf4 Nf6 3. e3 c6 4. c4 Bf5 5. Nc3 e6 6. Qb3 Qc8 7. h3 Nbd7 8. cxd5 Nxd5 9. Nxd5 exd5 10. Nf3 a5 11. Bd3 Bb4+ 12. Ke2 Bxd3+ 13. Qxd3 Nf6 14. a3 Be7 15. Bg5 Qc7 16. Rhc1 Ne4 17. Bxe7 Qxe7 18. Nd2 0-0 19. Nxe4 dxe4 20. Qb3 Kh8 21. Rc5 Qc7 22. g3 b6 23. Re5 Rfe8 24. Rxe8+ Rxe8 25. Rc1 Qc8 26. Qxf7 h6 27. g4 Re6 28. Qa7 Qf8 29. Qxb6 Qf3+ 30. Ke1 1/2-1/2

[Event "Paington op"]
[Site "Paington"]
[Date "2006.09.07"]
[Round "5"]
[White "Forbes, Cathy"]
[Black "Hurwitz, Ed"]
[Result "1-0"]
[WhiteElo "2076"]
[BlackElo "1840"]
[PlyCount "83"]
[EventDate "2006.09.03"]
[EventType "swiss"]
[EventRounds "7"]
[EventCountry "ENG"]
[SourceTitle "CBM 114 Extra"]
[Source "ChessBase"]
[SourceDate "2006.11.03"]
[SourceVersion "1"]
[SourceVersionDate "2006.11.03"]
[SourceQuality "1"]

1. d4 d6 2. Nf3 c6 3. e4 Nf6 4. Nc3 Bg4 5. h3 Bh5 6. Be2 e6 7. 0-0 d5 8. exd5 Bxf3 9. Bxf3 cxd5 10. Bf4 Bd6 11. Bg5 a6 12. Re1 0-0 13. Ne2 Nc6 14. c3 Qc7 15. Bxf6 gxf6 16. Qd2 Kh8 17. Qh6 f5 18. Qf6+ Kg8 19. g3 Qe7 20. Qh6 Qc7 21. Nf4 Bxf4 22. gxf4 Ne7 23. Bh5 Ng6 24. Bxg6 hxg6 25. h4 Qe7 26. Kg2 Qf6 27. Re3 Qg7 28. Qg5 f6 29. Qg3 Kf7 30. Rae1 Rae8 31. Qf3 Re7 32. Qxd5 Rfe8 33. Qf3 Qh7 34. Rh1 Kf8 35. c4 Qg8 36. Rhe1 Qh7 37. Qg3 Qg8 38. b3 Rg7 39. Kf1 g5 40. fxg5 fxg5 41. Qd6+ Ree7 42. Rxe6 1-0

[Event "BCF-chT4 0506 (4NCL)"]
[Site "West Bromwich"]
[Date "2006.02.12"]
[Round "6.4"]
[White "Forbes, Cathy"]
[Black "Ludbrook, Matthew"]
[Result "1/2-1/2"]
[WhiteElo "2075"]
[BlackElo "2050"]
[PlyCount "51"]
[EventDate "2005.11.05"]
[EventType "team"]
[EventRounds "11"]
[EventCountry "ENG"]
[SourceTitle "CBM 109 Extra"]
[Source "ChessBase"]
[SourceDate "2006.01.03"]
[SourceVersion "2"]
[SourceVersionDate "2006.01.03"]
[SourceQuality "1"]
[WhiteTeam "Pride and Prejudice "]
[BlackTeam "Oxford II"]
[WhiteTeamCountry "ENG"]
[BlackTeamCountry "ENG"]

1. d4 Nf6 2. Nf3 g6 3. Nc3 Bg7 4. e4 d6 5. h3 c5 6. dxc5 Qa5 7. Bb5+ Bd7 8. Bxd7+ Nbxd7 9. cxd6 Nxe4 10. 0-0 Nxd6 11. Bf4 Nc4 12. Qd5 Bxc3 13. Qxc4 Bg7 14. Rad1 Nb6 15. Qb3 Qa4 16. Be5 Qxb3 17. axb3 Bxe5 18. Nxe5 Rc8 19. c3 f6 20. Nf3 Kf7 21. Nd4 Rhd8 22. f4 Nd5 23. Rde1 a6 24. b4 Nxb4 25. Ne6 Rd6 26. Ng5+ 1/2-1/2

[Event "BCF-chT4 0506 (4NCL)"]
[Site "West Bromwich"]
[Date "2006.02.11"]
[Round "5.4"]
[White "Forbes, Cathy"]
[Black "Hill, David F"]
[Result "1-0"]
[WhiteElo "2075"]
[BlackElo "2070"]
[PlyCount "54"]
[EventDate "2005.11.05"]
[EventType "team"]
[EventRounds "11"]
[EventCountry "ENG"]
[SourceTitle "CBM 109 Extra"]
[Source "ChessBase"]
[SourceDate "2006.01.03"]
[SourceVersion "2"]
[SourceVersionDate "2006.01.03"]
[SourceQuality "1"]
[WhiteTeam "Pride and Prejudice "]
[BlackTeam "Guildford IV"]
[WhiteTeamCountry "ENG"]
[BlackTeamCountry "ENG"]

1. d4 d6 2. e4 g6 3. Nf3 Bg7 4. h3 Nf6 5. Nc3 a6 6. a4 b6 7. Bc4 e6 8. 0-0 d5 9. exd5 exd5 10. Re1+ Kf8 11. Ba2 Nc6 12. Bg5 Nb4 13. Bb3 h6 14. Bxf6 Bxf6 15. Ne5 Bb7 16. Qg4 Kg7 17. Ne2 h5 18. Qf3 Nc6 19. Nxf7 Qd7 20. Nxh8 Rxh8 21. Qxd5 Qxd5 22. Bxd5 Nxd4 23. Bxb7 Nxc2 24. Rac1 Nxe1 25. Rxe1 Bxb2 26. Bxa6 c6 27. Nf4 Ra8 1-0

[Event "BCF-chT4 0506 (4NCL)"]
[Site "West Bromwich"]
[Date "2005.12.03"]
[Round "3.4"]
[White "Forbes, Cathy"]
[Black "Richmond, Jane"]
[Result "1-0"]
[WhiteElo "2075"]
[BlackElo "2090"]
[PlyCount "51"]
[EventDate "2005.11.05"]
[EventType "team"]
[EventRounds "11"]
[EventCountry "ENG"]
[SourceTitle "CBM 109 Extra"]
[Source "ChessBase"]
[SourceDate "2006.01.03"]
[SourceVersion "2"]
[SourceVersionDate "2006.01.03"]
[SourceQuality "1"]
[WhiteTeam "Pride and Prejudice "]
[BlackTeam "Brown Jack"]
[WhiteTeamCountry "ENG"]
[BlackTeamCountry "ENG"]

1. d4 Nf6 2. Bf4 e6 3. e3 c5 4. Nc3 cxd4 5. exd4 Nc6 6. Nf3 Qa5 7. Bd3 Nd5 8. Bd2 Ndb4 9. Be2 Qf5 10. Rc1 Be7 11. 0-0 0-0 12. a3 Nd5 13. Nxd5 exd5 14. Bd3 Qh5 15. c3 d6 16. Re1 Bg4 17. h3 Bxf3 18. Qxf3 Qxf3 19. gxf3 f5 20. Re6 g6 21. Rce1 Rf7 22. Bc2 Bh4 23. Bb3 Ne7 24. Rxd6 Kg7 25. Rd7 b6 26. Bf4 1-0

[Event "BCF-chT4 0506 (4NCL)"]
[Site "West Bromwich"]
[Date "2005.11.05"]
[Round "1.5"]
[White "Adami, Mark"]
[Black "Forbes, Cathy"]
[Result "0-1"]
[WhiteElo "1745"]
[BlackElo "2075"]
[PlyCount "52"]
[EventDate "2005.11.05"]
[EventType "team"]
[EventRounds "11"]
[EventCountry "ENG"]
[SourceTitle "CBM 109 Extra"]
[Source "ChessBase"]
[SourceDate "2006.01.03"]
[SourceVersion "2"]
[SourceVersionDate "2006.01.03"]
[SourceQuality "1"]
[WhiteTeam "Guildford V"]
[BlackTeam "Pride and Prejudice "]
[WhiteTeamCountry "ENG"]
[BlackTeamCountry "ENG"]

1. d4 d5 2. c4 c6 3. Nf3 Bf5 4. cxd5 Bxb1 5. Rxb1 Qxd5 6. Qa4 Nd7 7. e3 Nb6 8. Qc2 Qxa2 9. Bd3 e6 10. 0-0 Qd5 11. Bd2 Nf6 12. Rfc1 Be7 13. e4 Qd8 14. e5 Nfd5 15. Bxh7 Nb4 16. Qb3 Rxh7 17. Bxb4 Nd5 18. Bxe7 Qxe7 19. g3 g5 20. Nxg5 Qxg5 21. Qxb7 Rd8 22. Qxc6+ Kf8 23. Ra1 Kg7 24. Rxa7 Rdh8 25. Rxf7+ Kxf7 26. Qd7+ Qe7 0-1

[Event "Paignton op"]
[Site "Paignton"]
[Date "2005.09.10"]
[Round "7"]
[White "Solomon, Ajoy"]
[Black "Forbes, Cathy"]
[Result "1-0"]
[WhiteElo "1920"]
[BlackElo "2082"]
[PlyCount "79"]
[EventDate "2005.09.04"]
[EventType "swiss"]
[EventRounds "7"]
[EventCountry "ENG"]
[SourceTitle "EXT 2007"]
[Source "ChessBase"]
[SourceDate "2006.11.23"]
[SourceVersion "1"]
[SourceVersionDate "2006.11.23"]
[SourceQuality "1"]

1. d4 d5 2. Bg5 c6 3. e3 Bf5 4. Nf3 h6 5. Bh4 Nd7 6. Bd3 Bxd3 7. Qxd3 Qb6 8. b3 e5 9. dxe5 Nxe5 10. Nxe5 Qb4+ 11. Nc3 Qxh4 12. Nxd5 0-0-0 13. Qf5+ Kb8 14. Nd7+ Rxd7 15. Qxd7 cxd5 16. Qe8+ Kc7 17. Qxf8 Qf6 18. 0-0 g5 19. Qc5+ Qc6 20. Qxa7 Nf6 21. c4 dxc4 22. Rac1 c3 23. Qa5+ Kb8 24. Qe5+ Ka8 25. Rxc3 Qa6 26. Rfc1 Re8 27. Rc8+ Rxc8 28. Rxc8+ Ka7 29. Qb8+ Kb6 30. Qd6+ Ka7 31. Qxa6+ Kxa6 32. Rh8 Ne4 33. Rxh6+ Ka5 34. f3 Nc3 35. Rf6 Nxa2 36. Rxf7 Ka6 37. Rf5 g4 38. fxg4 Nc1 39. b4 b5 40. g5 1-0

[Event "Paignton op"]
[Site "Paignton"]
[Date "2005.09.09"]
[Round "6"]
[White "Forbes, Cathy"]
[Black "Kemp, Paul R"]
[Result "1-0"]
[WhiteElo "2082"]
[BlackElo "2000"]
[PlyCount "111"]
[EventDate "2005.09.04"]
[EventType "swiss"]
[EventRounds "7"]
[EventCountry "ENG"]
[SourceTitle "EXT 2007"]
[Source "ChessBase"]
[SourceDate "2006.11.23"]
[SourceVersion "1"]
[SourceVersionDate "2006.11.23"]
[SourceQuality "1"]

1. d4 d5 2. Nf3 Nf6 3. Bf4 e6 4. e3 Bd6 5. Bg3 Ne4 6. Bxd6 Qxd6 7. Nbd2 f5 8. Ne5 0-0 9. Bd3 b6 10. Bxe4 fxe4 11. 0-0 Nd7 12. Nxd7 Bxd7 13. f3 Bb5 14. c4 Bxc4 15. Nxc4 dxc4 16. fxe4 b5 17. Qg4 e5 18. d5 h6 19. Rxf8+ Rxf8 20. Rf1 b4 21. Rxf8+ Kxf8 22. Qf5+ Ke8 23. Qc8+ Ke7 24. Kf2 a5 25. Ke2 Qb6 26. Qf5 Qd6 27. Qc8 a4 28. Qa8 Qd7 29. Qa5 Qg4+ 30. Kf2 Qh4+ 31. Kf1 Qxe4 32. Qxb4+ Kf7 33. Qxa4 Qd3+ 34. Kf2 Qf5+ 35. Ke2 Qd3+ 36. Kf3 e4+ 37. Kf4 Qxd5 38. Qc2 g5+ 39. Kg4 Qe6+ 40. Kg3 Qe5+ 41. Kf2 Qd5 42. a4 h5 43. Qc3 Qc6 44. a5 Qb5 45. Qa3 Qd5 46. Ke1 Ke6 47. a6 Kd7 48. a7 Qa8 49. Qa4+ c6 50. Kd2 Kc7 51. Kc3 Kb7 52. Kxc4 Qg8+ 53. Kc3 Ka8 54. Qxc6+ Kxa7 55. Qa4+ Kb6 56. Qb3+ 1-0

[Event "Paignton op"]
[Site "Paignton"]
[Date "2005.09.08"]
[Round "5"]
[White "Gregory, Keith D"]
[Black "Forbes, Cathy"]
[Result "1/2-1/2"]
[WhiteElo "2099"]
[BlackElo "2082"]
[PlyCount "62"]
[EventDate "2005.09.04"]
[EventType "swiss"]
[EventRounds "7"]
[EventCountry "ENG"]
[SourceTitle "EXT 2007"]
[Source "ChessBase"]
[SourceDate "2006.11.23"]
[SourceVersion "1"]
[SourceVersionDate "2006.11.23"]
[SourceQuality "1"]

1. c4 c5 2. Nf3 Nc6 3. g3 g6 4. Bg2 Bg7 5. 0-0 d6 6. Nc3 Bd7 7. d3 Nd4 8. Rb1 Nxf3+ 9. Bxf3 Bc6 10. e4 h5 11. Be3 Nf6 12. h3 Nd7 13. Bg2 Qa5 14. Bd2 Rc8 15. a3 a6 16. b4 cxb4 17. axb4 Qd8 18. b5 Bxb5 19. Nxb5 axb5 20. Rxb5 0-0 21. Qb1 b6 22. Be3 Rb8 23. Qc2 Qc7 24. f4 Nc5 25. d4 Ne6 26. Qd3 Rfc8 27. f5 Nf8 28. fxg6 Nxg6 29. Rxh5 Qxc4 30. Qxc4 Rxc4 31. Rd1 Rc3 1/2-1/2

[Event "Paignton op"]
[Site "Paignton"]
[Date "2005.09.04"]
[Round "1"]
[White "Britton, Richard"]
[Black "Forbes, Cathy"]
[Result "1-0"]
[WhiteElo "2288"]
[BlackElo "2082"]
[PlyCount "61"]
[EventDate "2005.09.04"]
[EventType "swiss"]
[EventRounds "7"]
[EventCountry "ENG"]
[SourceTitle "EXT 2007"]
[Source "ChessBase"]
[SourceDate "2006.11.23"]
[SourceVersion "1"]
[SourceVersionDate "2006.11.23"]
[SourceQuality "1"]

1. e4 c5 2. Nc3 Nc6 3. Nf3 g6 4. g3 Bg7 5. Bg2 d6 6. 0-0 Bd7 7. d3 Qc8 8. Re1 Bg4 9. Nd5 Nd4 10. c3 Nxf3+ 11. Bxf3 h5 12. Bg5 Nf6 13. Bxf6 Bxf6 14. Bxg4 hxg4 15. Ne3 Qd7 16. Qxg4 e6 17. a4 0-0-0 18. a5 Rh5 19. a6 b5 20. Qf3 b4 21. Red1 Rdh8 22. d4 cxd4 23. cxd4 Bxd4 24. Rxd4 e5 25. Rdd1 Rxh2 26. Ng4 Rh1+ 27. Kg2 R1h5 28. Rh1 Kc7 29. Nf6 Rxh1 30. Rxh1 Qe8 31. Nd5+ 1-0

[Event "BCF-chT 0102 (4NCL)"]
[Site "Birmingham"]
[Date "2001.11.25"]
[Round "4.8"]
[White "Forbes, Cathy"]
[Black "Yurenok, Maria S"]
[Result "1/2-1/2"]
[WhiteElo "2074"]
[BlackElo "2104"]
[PlyCount "25"]
[EventDate "2001.09.22"]
[EventType "team"]
[EventRounds "11"]
[EventCountry "ENG"]
[SourceTitle "CBM 084 Extra"]
[Source "ChessBase"]
[SourceDate "2001.10.26"]
[SourceVersion "1"]
[SourceVersionDate "2001.10.26"]
[SourceQuality "1"]
[WhiteTeam "Thistle White Rose"]
[BlackTeam "Guildford"]
[WhiteTeamCountry "ENG"]
[BlackTeamCountry "ENG"]

1. d4 d5 2. Nf3 Nf6 3. Bf4 c5 4. c3 cxd4 5. cxd4 Nc6 6. e3 e6 7. Nc3 Be7 8. h3 0-0 9. Bd3 Bd7 10. 0-0 Qa5 11. a3 Rfc8 12. Qb3 Qd8 13. Ne5 1/2-1/2

[Event "BCF-chT 0102 (4NCL)"]
[Site "Birmingham"]
[Date "2001.11.24"]
[Round "3.8"]
[White "Richards, Heather"]
[Black "Forbes, Cathy"]
[Result "1/2-1/2"]
[WhiteElo "2212"]
[BlackElo "2074"]
[PlyCount "178"]
[EventDate "2001.09.22"]
[EventType "team"]
[EventRounds "11"]
[EventCountry "ENG"]
[SourceTitle "CBM 084 Extra"]
[Source "ChessBase"]
[SourceDate "2001.10.26"]
[SourceVersion "1"]
[SourceVersionDate "2001.10.26"]
[SourceQuality "1"]
[WhiteTeam "Beeson Gregory II"]
[BlackTeam "Thistle White Rose"]
[WhiteTeamCountry "ENG"]
[BlackTeamCountry "ENG"]

1. e4 c5 2. c3 d5 3. exd5 Qxd5 4. d4 Nf6 5. Be3 e6 6. Nf3 Be7 7. Bd3 0-0 8. 0-0 Nc6 9. a3 Rd8 10. Qe2 e5 11. Bc4 Qd6 12. dxc5 Qc7 13. Ng5 Rf8 14. Nd2 Bf5 15. Qf3 Bg4 16. Qg3 Na5 17. Ba2 Bxc5 18. Bxc5 Qxc5 19. b4 Qd6 20. Nde4 Nxe4 21. Nxe4 Qg6 22. f3 Qb6+ 23. Kh1 Bf5 24. bxa5 Qxa5 25. a4 Kh8 26. Bb3 Bg6 27. Rac1 Rac8 28. Qe1 f6 29. Nd6 Rc6 30. Nc4 Qa6 31. Ne3 Rb6 32. Qd1 Bd3 33. Rf2 Rd6 34. Rd2 Rfd8 35. c4 e4 36. fxe4 Bxe4 37. Rxd6 Rxd6 38. Qg4 Qc6 39. Rd1 Rxd1+ 40. Qxd1 Qb6 41. Nd5 Qf2 42. Ne3 h6 43. Qg1 Qb2 44. Bd1 Qa2 45. Qe1 f5 46. Qe2 Qa1 47. Qd2 f4 48. Nd5 f3 49. Kg1 fxg2 50. Nc3 Bc6 51. Kf2 Qa3 52. Qd8+ Kh7 53. Bc2+ g6 54. Qc7+ Kg8 55. Qd8+ Kh7 56. Qc7+ Kg8 57. Qd8+ Kh7 58. Ne4 g1Q+ 59. Kxg1 Qc1+ 60. Bd1 Qe3+ 61. Kf1 Qxe4 62. Qc7+ Kg8 63. Qb8+ Kf7 64. Be2 Qg2+ 65. Ke1 Qg1+ 66. Kd2 Qd4+ 67. Ke1 a6 68. Qc7+ Qd7 69. Qf4+ Kg7 70. a5 Qe7 71. Qd4+ Qf6 72. Qc5 Qh4+ 73. Kd1 Ba4+ 74. Kd2 Qf4+ 75. Ke1 Qh4+ 76. Kd2 Bc6 77. Qe5+ Qf6 78. Qc7+ Kg8 79. Bd3 g5 80. Qc8+ Kf7 81. Qc7+ Qe7 82. Qb6 Qd6 83. h3 Qh2+ 84. Kc3 Qxh3 85. Qc7+ Qd7 86. Qe5 Kg8 87. Qb8+ Qe8 88. Qc7 Qd7 89. Qb8+ Qe8 1/2-1/2

[Event "BCF-chT3d 0001 (4NCL) Demotion pool"]
[Site "Birmingham"]
[Date "2001.03.18"]
[Round "8.3"]
[White "Forbes, Cathy"]
[Black "Coleman, James"]
[Result "1/2-1/2"]
[WhiteElo "2073"]
[BlackElo "2064"]
[PlyCount "50"]
[EventDate "2000.11.26"]
[EventType "team-tourn"]
[EventRounds "4"]
[EventCountry "ENG"]
[SourceTitle "EXT 2002"]
[Source "ChessBase"]
[SourceDate "2001.11.25"]
[SourceVersion "1"]
[SourceVersionDate "2001.11.25"]
[SourceQuality "1"]
[WhiteTeam "White Rose II"]
[BlackTeam "Mindsports"]
[WhiteTeamCountry "ENG"]
[BlackTeamCountry "ENG"]

1. c4 e5 2. Nc3 Nc6 3. g3 Nf6 4. Bg2 Bc5 5. d3 0-0 6. Nf3 h6 7. 0-0 a6 8. Be3 Qe7 9. Bxc5 Qxc5 10. Nd2 Qe7 11. a3 d6 12. b4 Rb8 13. Rb1 Bg4 14. h3 Bh5 15. b5 axb5 16. Rxb5 Nd8 17. a4 c6 18. Rb2 Ne6 19. Qb1 Qc7 20. g4 Bg6 21. e3 Nc5 22. Nde4 Bxe4 23. dxe4 Ra8 24. f4 Rfb8 25. Qc2 Nfd7 1/2-1/2

[Event "BCF-chT 9900 (4NCL)"]
[Site "Birmingham"]
[Date "2000.05.01"]
[Round "11.8"]
[White "Buckley, Melanie"]
[Black "Forbes, Cathy"]
[Result "1-0"]
[WhiteElo "2090"]
[BlackElo "2089"]
[PlyCount "63"]
[EventDate "1999.10.??"]
[EventType "team"]
[EventRounds "11"]
[EventCountry "ENG"]
[SourceTitle "EXT 2000"]
[Source "ChessBase"]
[SourceDate "1999.11.16"]
[SourceVersion "1"]
[SourceVersionDate "1999.11.16"]
[SourceQuality "1"]
[WhiteTeam "Bristol"]
[BlackTeam "SWR"]
[WhiteTeamCountry "ENG"]
[BlackTeamCountry "ENG"]

1. e4 c5 2. Nc3 Nc6 3. g3 g6 4. Bg2 Bg7 5. d3 d6 6. Be3 Rb8 7. Qd2 b5 8. Nge2 Nd4 9. 0-0 Bg4 10. f3 Bd7 11. Nc1 h5 12. h3 Qc8 13. Kh2 b4 14. Nd1 Nh6 15. c3 Nc6 16. Ne2 Qa6 17. f4 f5 18. e5 Na5 19. Rc1 Bc6 20. cxb4 Ng4+ 21. hxg4 hxg4+ 22. Kg1 Bxg2 23. Kxg2 Qb7+ 24. Kf2 cxb4 25. Ke1 Kf7 26. Bd4 dxe5 27. Bxe5 Bxe5 28. fxe5 Qd5 29. Qe3 Rb6 30. Nf4 Qxa2 31. e6+ Kg7 32. Qe5+ 1-0